Bases constitucionales para América Latina y el Caribe : (Record no. 10732)
[ view plain ]
| 000 -LEADER | |
|---|---|
| fixed length control field | 00703nam a22001697a 4500 |
| 005 - DATE AND TIME OF LATEST TRANSACTION | |
| control field | 20250224165247.0 |
| 008 - FIXED-LENGTH DATA ELEMENTS--GENERAL INFORMATION | |
| fixed length control field | 250224b ||||| |||| 00| 0 spa d |
| 082 14 - DEWEY DECIMAL CLASSIFICATION NUMBER | |
| Edition number | 14 |
| Classification number | 342 |
| 245 10 - TITLE STATEMENT | |
| Title | Bases constitucionales para América Latina y el Caribe : |
| Remainder of title | texto normativo / |
| Statement of responsibility, etc | Equipo Federal del Trabajo |
| 260 ## - PUBLICATION, DISTRIBUTION, ETC. (IMPRINT) | |
| Place of publication, distribution, etc | Lomas de Zamora: |
| Name of publisher, distributor, etc | Universidad Nacional de Lomas de Zamora, |
| -- | Facultad de Ciencias Sociales de Lomas de Zamora, |
| Date of publication, distribution, etc | 2005 |
| 300 ## - PHYSICAL DESCRIPTION | |
| Extent | 184 p. |
| 500 ## - GENERAL NOTE | |
| General note | Dentro del XII Congreso Nacional Senado de la Nación, 25 y 26 de Agosto de 2005. |
| 650 27 - SUBJECT ADDED ENTRY--TOPICAL TERM | |
| Source of heading or term | unescot |
| 9 (RLIN) | 5298 |
| Topical term or geographic name as entry element | DERECHO CONSTITUCIONAL |
| 651 #0 - SUBJECT ADDED ENTRY--GEOGRAPHIC NAME | |
| 9 (RLIN) | 735 |
| Geographic name | AMERICA LATINA |
| 710 1# - ADDED ENTRY--CORPORATE NAME | |
| 9 (RLIN) | 21223 |
| Corporate name or jurisdiction name as entry element | Equipo Federal del Trabajo |
| 942 ## - ADDED ENTRY ELEMENTS (KOHA) | |
| Source of classification or shelving scheme | Dewey Decimal Classification |
| Item type | Libro, folleto, traducción |
| 980 ## - EQUIVALENCE OR CROSS-REFERENCE-SERIES STATEMENT--PERSONAL NAME/TITLE [LOCAL, CANADA] | |
| Linkage | 19226 |
| Personal name | Palazón Marcela I. |
| Field link and sequence number | 19226 |
| Miscellaneous information | Palazón Marcela I. |
| Withdrawn status | Lost status | Source of classification or shelving scheme | Damaged status | Not for loan | Home library | Current library | Date acquired | Total Checkouts | Full call number | Barcode | Date last seen | Copy number | Price effective from | Koha item type |
|---|---|---|---|---|---|---|---|---|---|---|---|---|---|---|
| Dewey Decimal Classification | Biblioteca Central | Biblioteca Central | 24/02/2025 | 342 BAS | UNAJ25020199 | 24/02/2025 | 1 | 24/02/2025 | Libro, folleto, traducción |